Emiliano Zapata : (Record no. 13514)
[ view plain ]
| 000 -CABECERA | |
|---|---|
| campo de control de longitud fija | 01026nam a22002777a 4500 |
| 003 - IDENTIFICADOR DEL NÚMERO DE CONTROL | |
| campo de control | OSt |
| 005 - FECHA Y HORA DE LA ÚLTIMA TRANSACCIÓN | |
| campo de control | 20260530115314.0 |
| 008 - DATOS DE LONGITUD FIJA--INFORMACIÓN GENERAL | |
| campo de control de longitud fija | 260421b2003 mx a|||| |||| 00| 0 spa d |
| 020 ## - NÚMERO INTERNACIONAL ESTÁNDAR DEL LIBRO | |
| Número Internacional Estándar del Libro | 9789709718539 |
| 040 ## - FUENTE DE LA CATALOGACIÓN | |
| Centro catalogador/agencia de origen | ICI |
| Lengua de catalogación | spa |
| Centro/agencia transcriptor | ICI |
| 050 ## - SIGNATURA TOPOGRÁFICA DE LA BIBLIOTECA DEL CONGRESO | |
| Número de clasificación | F1234.Z3 |
| Número de documento/Ítem | E57 |
| 100 ## - ENTRADA PRINCIPAL--NOMBRE DE PERSONA | |
| Término indicativo de función/relación | autor |
| 245 ## - MENCIÓN DE TÍTULO | |
| Título | Emiliano Zapata : |
| Resto del título | como lo vieron los zapatistas / |
| Mención de responsabilidad, etc. | ilustraciones, Fernando Robles ; selección de textos, Laura Espejel |
| 264 ## - PRODUCCIÓN, PUBLICACIÓN, DISTRIBUCIÓN, FABRICACIÓN Y COPYRIGHT | |
| Producción, publicación, distribución, fabricación y copyright | México, D.F. : |
| Nombre del de productor, editor, distribuidor, fabricante | Tecolote, |
| Fecha de producción, publicación, distribución, fabricación o copyright | 2006 |
| 300 ## - DESCRIPCIÓN FÍSICA | |
| Extensión | 55 páginas : |
| Otras características físicas | ilustraciones |
| 336 ## - TIPO DE CONTENIDO | |
| Fuente | rdacontent |
| Término de tipo de contenido | texto |
| 337 ## - TIPO DE MEDIO | |
| Fuente | rdamedia |
| Nombre/término del tipo de medio | sin medio |
| 338 ## - TIPO DE SOPORTE | |
| Fuente | rdacarrier |
| Nombre/término del tipo de soporte | volumen |
| 502 ## - NOTA DE TESIS | |
| Nota de tesis | Reimpresiones: (1a, 2009) |
| 600 ## - PUNTO DE ACCESO ADICIONAL DE MATERIA--NOMBRE DE PERSONA | |
| Nombre de persona | Zapata, Emiliano, |
| Fechas asociadas al nombre | 1879-1919 |
| Subdivisión de forma | Obras ilustradas |
| 9 (RLIN) | 33343 |
| 650 ## - PUNTO DE ACCESO ADICIONAL DE MATERIA--TÉRMINO DE MATERIA | |
| Término de materia o nombre geográfico como elemento de entrada | Revolucionarios |
| Subdivisión general | Narraciones personales |
| Subdivisión geográfica | México |
| 9 (RLIN) | 33344 |
| 651 ## - PUNTO DE ACCESO ADICIONAL DE MATERIA--NOMBRE GEOGRÁFICO | |
| Nombre geográfico | México | |
| Subdivisión de forma | Obras ilustradas |
| Subdivisión general | Historia |
| Subdivisión cronológica | Revolución, 1910-1920 |
| 9 (RLIN) | 33345 |
| 700 ## - PUNTO DE ACCESO ADICIONAL--NOMBRE DE PERSONA | |
| Nombre de persona | Robles, Fernando, |
| Fechas asociadas al nombre | 1948- , |
| Término indicativo de función/relación | ilustrador |
| 9 (RLIN) | 33346 |
| 700 ## - PUNTO DE ACCESO ADICIONAL--NOMBRE DE PERSONA | |
| Nombre de persona | Espejel López, Laura, |
| Término indicativo de función/relación | compilador |
| 9 (RLIN) | 33347 |
| 942 ## - ELEMENTOS DE PUNTO DE ACCESO ADICIONAL (KOHA) | |
| Fuente del sistema de clasificación o colocación | Library of Congress Classification |
| Tipo de ítem Koha | |
No items available.